[Event "LSS SF-2023-0-00530"]
[Site "LSS email"]
[Date "2023.03.02"]
[Round "?"]
[White "Rocek, Vladimir"]
[Black "Shim Ng Min, Francis"]
[Result "1/2-1/2"]
[WhiteElo "1072"]
[BlackElo "1095"]
[PlyCount "73"]
[EventDate "2022.11.09"]
[EventType "tourn (corr)"]
[EventRounds "6"]
[EventCountry "GER"]
[SourceTitle "Corr 2024"]
[Source "ChessBase"]
[SourceDate "2023.10.19"]
[SourceVersion "1"]
[SourceVersionDate "2023.10.19"]
[SourceQuality "1"]

1. e4 c5 2. g3 d6 3. Bg2 Nf6 4. Ne2 e5 5. c3 Be7 6. d4 exd4 7. cxd4 cxd4 8. Nxd4 0-0 9. 0-0 Nbd7 10. Nf5 Ne5 11. Nxe7+ Qxe7 12. Nc3 a6 13. Bg5 Qe6 14. f4 Nc6 15. Re1 Nd7 16. Nd5 Rb8 17. b3 f6 18. f5 Qf7 19. Bd2 Nde5 20. Bc3 b5 21. Nb4 Nxb4 22. Bxb4 Rd8 23. Qc2 Bb7 24. Rad1 Rbc8 25. Qb2 d5 26. Qd4 Nc6 27. Qc5 Nxb4 28. Qxb4 dxe4 29. Bxe4 Bxe4 30. Rxd8+ Rxd8 31. Qxe4 h6 32. Kf2 Rd2+ 33. Re2 Qd7 34. Qa8+ Kh7 35. Qe4 Qd4+ 36. Qxd4 Rxd4 37. Ke3 1/2-1/2

[Event "RF-2023-0-00526"]
[Site "LSS email"]
[Date "2023.01.22"]
[Round "?"]
[White "Shim Ng Min, Francis"]
[Black "Jurik, Jimmy"]
[Result "0-1"]
[WhiteElo "1065"]
[BlackElo "1110"]
[PlyCount "20"]
[EventDate "2022.09.16"]
[EventType "tourn (corr)"]
[EventRounds "6"]
[EventCountry "GER"]
[SourceTitle "Corr 2024"]
[Source "ChessBase"]
[SourceDate "2023.10.19"]
[SourceVersion "1"]
[SourceVersionDate "2023.10.19"]
[SourceQuality "1"]

1. e4 c6 2. Nc3 d5 3. Qf3 d4 4. Bc4 e6 5. Nce2 c5 6. Nh3 Qc7 7. 0-0 Nf6 8. d3 Nc6 9. Bf4 Bd6 10. Be5 Bxe5 0-1

[Event "RF-2023-0-00527"]
[Site "LSS email"]
[Date "2023.01.14"]
[Round "?"]
[White "Shim Ng Min, Francis"]
[Black "Zmolil, Karel"]
[Result "1-0"]
[WhiteElo "1054"]
[BlackElo "1014"]
[PlyCount "99"]
[EventDate "2022.09.23"]
[EventType "tourn (corr)"]
[EventRounds "6"]
[EventCountry "GER"]
[SourceTitle "Corr 2024"]
[Source "ChessBase"]
[SourceDate "2023.10.19"]
[SourceVersion "1"]
[SourceVersionDate "2023.10.19"]
[SourceQuality "1"]

1. e4 e5 2. Nf3 d6 3. d4 exd4 4. Nxd4 g6 5. Bc4 Bg7 6. Nc3 c6 7. 0-0 Nf6 8. Bg5 Qc7 9. h3 0-0 10. Qd2 Re8 11. Rfe1 a6 12. a4 Nbd7 13. Rad1 Nc5 14. f3 Ne6 15. Nxe6 Bxe6 16. Bxe6 Rxe6 17. Kh1 Ne8 18. b3 Qa5 19. Ne2 Qxd2 20. Bxd2 c5 21. Nf4 Re7 22. Nd5 Re6 23. Bc3 Bxc3 24. Nxc3 Rc8 25. Nd5 Nf6 26. Nf4 Re7 27. Rxd6 Ne8 28. Rd2 b5 29. axb5 axb5 30. Red1 Kf8 31. Rd8 Rec7 32. Rxc8 Rxc8 33. c4 bxc4 34. bxc4 Ke7 35. Nd5+ Ke6 36. Kh2 Nd6 37. Rc1 f5 38. exf5+ Nxf5 39. g4 Nd4 40. Re1+ Kd6 41. Kg3 Ne6 42. f4 Rb8 43. Re3 Rb4 44. Nxb4 cxb4 45. f5 gxf5 46. gxf5 Nf8 47. Kf4 Kc5 48. Re7 b3 49. Rf7 Kxc4 50. Rxf8 1-0

[Event "RF-2022-0-00526"]
[Site "LSS email"]
[Date "2022.11.18"]
[Round "?"]
[White "Zmolil, Karel"]
[Black "Shim Ng Min, Francis"]
[Result "1/2-1/2"]
[WhiteElo "1012"]
[BlackElo "1065"]
[PlyCount "65"]
[EventDate "2022.09.16"]
[EventType "tourn (corr)"]
[EventRounds "6"]
[EventCountry "GER"]
[SourceTitle "Corr 2024"]
[Source "ChessBase"]
[SourceDate "2023.10.19"]
[SourceVersion "1"]
[SourceVersionDate "2023.10.19"]
[SourceQuality "1"]

1. e4 e6 2. d4 d5 3. exd5 exd5 4. Bd3 Bd6 5. h3 h6 6. Nf3 Nf6 7. 0-0 0-0 8. Re1 Re8 9. Be3 Bd7 10. Nbd2 Nc6 11. c3 b6 12. Qc2 Ne7 13. Nf1 c5 14. dxc5 bxc5 15. Bd2 c4 16. Be2 Nc6 17. Rad1 Bc5 18. Be3 Bxe3 19. Nxe3 Qa5 20. a3 Be6 21. Nd4 Nxd4 22. Rxd4 Rab8 23. Nd1 Qc7 24. Qc1 Bf5 25. Ne3 Be6 26. Bf3 Red8 27. Red1 Qc5 28. R1d2 Rb6 29. Qe1 Rbd6 30. Qd1 R8d7 31. Ng4 Nxg4 32. Bxg4 Bxg4 33. Qxg4 1/2-1/2

[Event "LSS SF-2022-0-00526"]
[Site "LSS email"]
[Date "2022.11.03"]
[Round "?"]
[White "Shim Ng Min, Francis"]
[Black "Endean, Andrew"]
[Result "0-1"]
[WhiteElo "1083"]
[BlackElo "1045"]
[PlyCount "33"]
[EventDate "2022.05.20"]
[EventType "tourn (corr)"]
[EventRounds "6"]
[EventCountry "GER"]
[SourceTitle "Corr 2024"]
[Source "ChessBase"]
[SourceDate "2023.10.19"]
[SourceVersion "1"]
[SourceVersionDate "2023.10.19"]
[SourceQuality "1"]

1. e4 e5 2. Nf3 Nc6 3. d4 exd4 4. Bc4 Bc5 5. c3 dxc3 6. Bxf7+ Kxf7 7. Qd5+ Kf8 8. Qxc5+ d6 9. Qxc3 Nf6 10. Qd3 Bg4 11. Nc3 Qe7 12. 0-0 h6 13. Bf4 Kf7 14. Rfe1 Rhe8 15. Nd5 Bxf3 16. Qxf3 Nxd5 17. exd5 0-1

[Event "RF-2022-0-00524"]
[Site "LSS email"]
[Date "2022.10.13"]
[Round "?"]
[White "Shim Ng Min, Francis"]
[Black "Koehler, Hans Christian"]
[Result "1/2-1/2"]
[WhiteElo "1064"]
[BlackElo "1055"]
[PlyCount "51"]
[EventDate "2022.08.29"]
[EventType "tourn (corr)"]
[EventRounds "6"]
[EventCountry "GER"]
[SourceTitle "Corr 2024"]
[Source "ChessBase"]
[SourceDate "2023.10.19"]
[SourceVersion "1"]
[SourceVersionDate "2023.10.19"]
[SourceQuality "1"]

1. e4 e5 2. Nf3 Nf6 3. Nxe5 d6 4. Nf3 Nxe4 5. d4 d5 6. Bd3 Be7 7. 0-0 Nc6 8. c3 Bf5 9. Ne5 Nxe5 10. dxe5 Bg6 11. Nd2 Nxd2 12. Qxd2 Bxd3 13. Qxd3 c6 14. Qg3 g6 15. Bh6 Qd7 16. Rfe1 Qe6 17. Qe3 b6 18. Rad1 0-0-0 19. h3 Kb7 20. a3 Bf8 21. Bg5 Be7 22. Bxe7 Qxe7 23. f4 Qe6 24. Rd2 h5 25. Rde2 Rd7 26. Qf2 1/2-1/2

[Event "LSS SN-2022-0-01035"]
[Site "LSS email"]
[Date "2022.09.19"]
[Round "?"]
[White "Shim Ng Min, Francis"]
[Black "Martin, Hector"]
[Result "1-0"]
[WhiteElo "993"]
[BlackElo "872"]
[PlyCount "103"]
[EventDate "2021.11.04"]
[EventType "tourn (corr)"]
[EventRounds "6"]
[EventCountry "GER"]
[SourceTitle "Corr 2024"]
[Source "ChessBase"]
[SourceDate "2023.10.19"]
[SourceVersion "1"]
[SourceVersionDate "2023.10.19"]
[SourceQuality "1"]

1. e4 c5 2. Nf3 d6 3. d4 cxd4 4. Nxd4 Nf6 5. Nc3 e5 6. Bb5+ Bd7 7. Bxd7+ Qxd7 8. Nf3 g6 9. Bg5 Bg7 10. Qd2 0-0 11. 0-0 Qc6 12. Bxf6 Bxf6 13. Nd5 Bd8 14. Qh6 f6 15. c3 Qb5 16. b3 Nd7 17. c4 Qc5 18. Rfd1 Rf7 19. h3 Nb6 20. Nxb6 Bxb6 21. Rf1 Qa3 22. Qc1 Qb4 23. Qd2 Qxd2 24. Nxd2 h5 25. Kh1 h4 26. f3 g5 27. Rad1 f5 28. exf5 Rxf5 29. Ne4 Rb8 30. Rxd6 Kf7 31. Rxb6 axb6 32. Nd6+ Kf6 33. Nxf5 Kxf5 34. Rd1 Ke6 35. Kg1 Rc8 36. Rd2 Rc5 37. Kf2 b5 38. cxb5 Rxb5 39. Ke3 Rb4 40. Rd8 b5 41. Kd3 Ke7 42. Rg8 Kf6 43. Kc3 Rd4 44. Rb8 Rd5 45. a4 bxa4 46. bxa4 Ke7 47. Kb4 Kd7 48. Kc3 Kc6 49. Rb4 Ra5 50. Kd3 Kd6 51. Ke4 Ke6 52. Rb6+ 1-0

[Event "RF-2022-0-00522"]
[Site "LSS email"]
[Date "2022.09.08"]
[Round "?"]
[White "Koehler, Hans Christian"]
[Black "Shim Ng Min, Francis"]
[Result "0-1"]
[WhiteElo "1161"]
[BlackElo "993"]
[PlyCount "86"]
[EventDate "2022.03.06"]
[EventType "tourn (corr)"]
[EventRounds "6"]
[EventCountry "GER"]
[SourceTitle "Corr 2024"]
[Source "ChessBase"]
[SourceDate "2023.10.19"]
[SourceVersion "1"]
[SourceVersionDate "2023.10.19"]
[SourceQuality "1"]

1. e4 c5 2. Nf3 d6 3. d4 cxd4 4. Nxd4 Nf6 5. Nc3 a6 6. f3 e6 7. Be3 Be7 8. Be2 0-0 9. Qd2 Nc6 10. 0-0-0 Nxd4 11. Bxd4 b5 12. a3 Bb7 13. Kb1 d5 14. Bxf6 Bxf6 15. exd5 Bxc3 16. Qxc3 Bxd5 17. Rd2 Qb6 18. Qd4 Qxd4 19. Rxd4 Rfd8 20. Rhd1 Rdc8 21. c3 g6 22. Bd3 Bc4 23. Bxc4 Rxc4 24. Rxc4 bxc4 25. Rd4 Rc8 26. Kc2 Rc6 27. b3 cxb3+ 28. Kxb3 Kf8 29. Ka4 Ke7 30. Kb4 f5 31. c4 e5 32. Rd5 Ke6 33. a4 Rb6+ 34. Kc5 Rb2 35. Rd6+ Kf7 36. Rd7+ Ke6 37. Kc6 Rxg2 38. Rxh7 Rf2 39. c5 Rxf3 40. Kb7 Rc3 41. c6 e4 42. c7 e3 43. Rh3 f4 0-1

[Event "RF-2022-0-00523"]
[Site "LSS email"]
[Date "2022.09.08"]
[Round "?"]
[White "Shim Ng Min, Francis"]
[Black "Koehler, Hans Christian"]
[Result "1-0"]
[WhiteElo "993"]
[BlackElo "1161"]
[PlyCount "39"]
[EventDate "2022.05.24"]
[EventType "tourn (corr)"]
[EventRounds "6"]
[EventCountry "GER"]
[SourceTitle "Corr 2024"]
[Source "ChessBase"]
[SourceDate "2023.10.19"]
[SourceVersion "1"]
[SourceVersionDate "2023.10.19"]
[SourceQuality "1"]

1. e4 e5 2. Nf3 Nf6 3. d4 Nxe4 4. Bd3 d5 5. Nxe5 Nd7 6. Nxd7 Bxd7 7. 0-0 Qh4 8. Bxe4 dxe4 9. Nc3 Bd6 10. g3 Qh3 11. Nxe4 Bg4 12. Nxd6+ cxd6 13. f3 Be6 14. Qe2 Kd7 15. Bf4 Rhe8 16. Qb5+ Ke7 17. Qxb7+ Kf6 18. Bxd6 Bf5 19. Rf2 Qh5 20. Qc6 1-0

[Event "RF-2022-0-00522"]
[Site "LSS email"]
[Date "2022.09.08"]
[Round "?"]
[White "Zmolil, Karel"]
[Black "Shim Ng Min, Francis"]
[Result "0-1"]
[WhiteElo "1038"]
[BlackElo "993"]
[PlyCount "54"]
[EventDate "2022.03.06"]
[EventType "tourn (corr)"]
[EventRounds "6"]
[EventCountry "GER"]
[SourceTitle "Corr 2024"]
[Source "ChessBase"]
[SourceDate "2023.10.19"]
[SourceVersion "1"]
[SourceVersionDate "2023.10.19"]
[SourceQuality "1"]

1. e4 c5 2. Nf3 d6 3. Nc3 Nf6 4. d4 cxd4 5. Nxd4 a6 6. h3 e6 7. Qf3 Be7 8. Bd3 0-0 9. 0-0 Nc6 10. Nb3 Ne5 11. Qg3 Nxd3 12. cxd3 b5 13. Nd4 Bb7 14. Be3 Kh8 15. Nde2 Rc8 16. f4 b4 17. Na4 a5 18. Rfc1 Rxc1+ 19. Rxc1 Ba6 20. Bb6 Qb8 21. Nd4 Bb7 22. Qf2 Bd8 23. Nb3 Nd7 24. Nxa5 Nxb6 25. Qc2 Nxa4 26. Nxb7 Qxb7 27. Qxa4 Bc7 0-1

[Event "RF-2022-0-00523"]
[Site "LSS email"]
[Date "2022.09.08"]
[Round "?"]
[White "Zmolil, Karel"]
[Black "Shim Ng Min, Francis"]
[Result "0-1"]
[WhiteElo "1029"]
[BlackElo "993"]
[PlyCount "44"]
[EventDate "2022.05.24"]
[EventType "tourn (corr)"]
[EventRounds "6"]
[EventCountry "GER"]
[SourceTitle "Corr 2024"]
[Source "ChessBase"]
[SourceDate "2023.10.19"]
[SourceVersion "1"]
[SourceVersionDate "2023.10.19"]
[SourceQuality "1"]

1. c4 Nf6 2. Nc3 c5 3. d3 e5 4. Nf3 d6 5. h3 Be7 6. Bg5 0-0 7. e3 Nc6 8. Be2 Be6 9. a3 h6 10. Bh4 Nh7 11. Bxe7 Qxe7 12. 0-0 Ng5 13. Nxg5 Qxg5 14. Ne4 Qe7 15. f4 exf4 16. Rxf4 d5 17. cxd5 Bxd5 18. Qc1 b6 19. Nc3 Be6 20. e4 Nd4 21. Bf1 Nb3 22. Qe3 Nxa1 0-1

[Event "RF-2022-0-00521"]
[Site "LSS email"]
[Date "2022.08.30"]
[Round "?"]
[White "Koehler, Hans Christian"]
[Black "Shim Ng Min, Francis"]
[Result "0-1"]
[WhiteElo "1174"]
[BlackElo "1015"]
[PlyCount "114"]
[EventDate "2022.01.14"]
[EventType "tourn (corr)"]
[EventRounds "6"]
[EventCountry "GER"]
[SourceTitle "Corr 2024"]
[Source "ChessBase"]
[SourceDate "2023.10.19"]
[SourceVersion "1"]
[SourceVersionDate "2023.10.19"]
[SourceQuality "1"]

1. e4 c5 2. Nf3 d6 3. d4 cxd4 4. Nxd4 Nf6 5. Nc3 a6 6. Be3 e5 7. Nb3 Be6 8. f3 Be7 9. Nd5 Nxd5 10. exd5 Bf5 11. Bd3 Bxd3 12. Qxd3 0-0 13. 0-0 Nd7 14. c4 b6 15. Nd2 a5 16. b3 Nc5 17. Bxc5 bxc5 18. f4 Bf6 19. fxe5 Bxe5 20. Rae1 Qh4 21. Nf3 Qh5 22. Nxe5 dxe5 23. Rf5 Qg6 24. Rexe5 f6 25. Re6 Rfe8 26. Rf3 Qf7 27. Rfe3 Rad8 28. Qe2 Rxe6 29. Rxe6 h6 30. Ra6 Re8 31. Qd2 Qg6 32. Re6 Rxe6 33. dxe6 Qb1+ 34. Kf2 Qf5+ 35. Kg3 Qxe6 36. Qd5 Kf7 37. Kf4 g6 38. Qxc5 Qe2 39. Qd5+ Kg7 40. Qd7+ Kf8 41. Qd6+ Kf7 42. c5 Qf2+ 43. Ke4 Qxg2+ 44. Kd4 Qg4+ 45. Kd5 Qf3+ 46. Kc4 Qe2+ 47. Kc3 Qe1+ 48. Kb2 Qe5+ 49. Qxe5 fxe5 50. Kc3 Ke6 51. Kc4 g5 52. a3 h5 53. b4 axb4 54. axb4 g4 55. c6 Kd6 56. b5 h4 57. Kd3 h3 0-1

[Event "RF-2022-0-00521"]
[Site "LSS email"]
[Date "2022.08.28"]
[Round "?"]
[White "Cordes, Michael"]
[Black "Shim Ng Min, Francis"]
[Result "1-0"]
[WhiteElo "1006"]
[BlackElo "1015"]
[PlyCount "33"]
[EventDate "2022.01.14"]
[EventType "tourn (corr)"]
[EventRounds "6"]
[EventCountry "GER"]
[SourceTitle "Corr 2024"]
[Source "ChessBase"]
[SourceDate "2023.10.19"]
[SourceVersion "1"]
[SourceVersionDate "2023.10.19"]
[SourceQuality "1"]

1. e4 c5 2. Nf3 d6 3. d4 cxd4 4. Nxd4 Nf6 5. Nc3 a6 6. Bg5 e6 7. Qf3 Be7 8. Be2 0-0 9. Rd1 Qc7 10. a4 Nc6 11. Nxc6 Qxc6 12. Qg3 Kh8 13. 0-0 Bd7 14. e5 dxe5 15. Qh4 Rae8 16. Bd3 h6 17. Bxh6 1-0

[Event "RF-2022-0-00520"]
[Site "LSS email"]
[Date "2022.08.23"]
[Round "?"]
[White "Koehler, Hans Christian"]
[Black "Shim Ng Min, Francis"]
[Result "1-0"]
[WhiteElo "1198"]
[BlackElo "1002"]
[PlyCount "101"]
[EventDate "2021.09.22"]
[EventType "tourn (corr)"]
[EventRounds "6"]
[EventCountry "GER"]
[SourceTitle "Corr 2024"]
[Source "ChessBase"]
[SourceDate "2023.10.19"]
[SourceVersion "1"]
[SourceVersionDate "2023.10.19"]
[SourceQuality "1"]

1. e4 c5 2. Nf3 d6 3. d4 cxd4 4. Nxd4 Nf6 5. Nc3 a6 6. Be3 e5 7. Nb3 Be6 8. Qd2 Be7 9. f3 0-0 10. g4 d5 11. exd5 Nxd5 12. Nxd5 Qxd5 13. Qxd5 Bxd5 14. Be2 Nc6 15. 0-0-0 Rfd8 16. Kb1 Rac8 17. Bb6 Rd7 18. c4 Be6 19. Rxd7 Bxd7 20. Rd1 Be6 21. c5 Bd8 22. Bxd8 Rxd8 23. Rxd8+ Nxd8 24. Na5 Bc8 25. Bc4 Kf8 26. Bd5 f6 27. b4 Ke7 28. Kb2 Kd7 29. Kc3 Kc7 30. Bg8 h6 31. a3 Be6 32. Bxe6 Nxe6 33. Nb3 Nf4 34. Kc4 Kc6 35. a4 Ne6 36. b5+ axb5+ 37. axb5+ Kc7 38. Kd5 Nf4+ 39. Ke4 g6 40. Nd2 Ne6 41. Nb3 Nf4 42. Na5 Ne6 43. b6+ Kc8 44. Kd5 Nf4+ 45. Kd6 Nd3 46. c6 bxc6 47. Kxc6 Nb4+ 48. Kb5 Nd5 49. Ka6 Kb8 50. Nc6+ Ka8 51. b7# 1-0

[Event "LSS SF-2022-0-00524"]
[Site "LSS email"]
[Date "2022.08.14"]
[Round "?"]
[White "Csoma, Robert"]
[Black "Shim Ng Min, Francis"]
[Result "0-1"]
[WhiteElo "1049"]
[BlackElo "1015"]
[PlyCount "92"]
[EventDate "2022.04.08"]
[EventType "tourn (corr)"]
[EventRounds "6"]
[EventCountry "GER"]
[SourceTitle "Corr 2024"]
[Source "ChessBase"]
[SourceDate "2023.10.19"]
[SourceVersion "1"]
[SourceVersionDate "2023.10.19"]
[SourceQuality "1"]

1. e4 c5 2. Nf3 d6 3. d4 cxd4 4. Nxd4 Nf6 5. Nc3 a6 6. a4 e5 7. Nf3 h6 8. Be2 Be7 9. h3 0-0 10. 0-0 Nc6 11. Be3 Be6 12. Qd2 d5 13. exd5 Nxd5 14. Nxd5 Qxd5 15. Qxd5 Bxd5 16. c4 Be6 17. Rad1 Rfd8 18. Bb6 Rxd1 19. Rxd1 f6 20. Ne1 Bd8 21. Bxd8 Rxd8 22. Rxd8+ Nxd8 23. Nc2 Nc6 24. Ne3 Nd4 25. Bd3 Kf7 26. Be4 b6 27. b4 Ne2+ 28. Kf1 Nc3 29. Bc6 Ke7 30. Nd5+ Bxd5 31. cxd5 Kd6 32. Bb7 a5 33. bxa5 bxa5 34. Ke1 Nxa4 35. Kd2 Nb6 36. Kc2 Nxd5 37. Kb3 Nb6 38. Be4 g5 39. g3 Kc5 40. f3 Kd4 41. h4 gxh4 42. gxh4 Nd7 43. Bf5 Nc5+ 44. Kc2 Ke3 45. Bg4 Kf4 46. Bh5 Kg3 0-1

[Event "RF-2022-0-00520"]
[Site "LSS email"]
[Date "2022.08.05"]
[Round "?"]
[White "Rocek, Vladimir"]
[Black "Shim Ng Min, Francis"]
[Result "1/2-1/2"]
[WhiteElo "1041"]
[BlackElo "1002"]
[PlyCount "94"]
[EventDate "2021.09.22"]
[EventType "tourn (corr)"]
[EventRounds "6"]
[EventCountry "GER"]
[SourceTitle "Corr 2024"]
[Source "ChessBase"]
[SourceDate "2023.10.19"]
[SourceVersion "1"]
[SourceVersionDate "2023.10.19"]
[SourceQuality "1"]

1. e4 c5 2. Nf3 d6 3. Bc4 e6 4. d4 cxd4 5. Nxd4 Nf6 6. Nc3 Be7 7. 0-0 0-0 8. f4 Nc6 9. Be3 Nxd4 10. Bxd4 a6 11. Bd3 b5 12. e5 dxe5 13. Bxe5 Nd5 14. Nxd5 Qxd5 15. Qe2 Bb7 16. Rfd1 Qc6 17. Rd2 h6 18. Re1 Bc5+ 19. Kh1 Rfd8 20. Qg4 Bf8 21. Rde2 Qc5 22. a3 Rac8 23. b4 Qe7 24. f5 Qg5 25. Qxg5 hxg5 26. fxe6 fxe6 27. Bb2 Bd5 28. Bc1 Be7 29. Re3 Bf6 30. Rg3 Bc4 31. h3 Bxd3 32. cxd3 Rc3 33. Bxg5 Bxg5 34. Rxg5 Rcxd3 35. Rxe6 Rxa3 36. Re7 Rd4 37. Rgxg7+ Kf8 38. Rgf7+ Kg8 39. Rg7+ Kf8 40. Rgf7+ Kg8 41. Ra7 Rd8 42. Rg7+ Kh8 43. Rh7+ Kg8 44. Rag7+ Kf8 45. Ra7 Kg8 46. Rag7+ Kf8 47. Ra7 Kg8 1/2-1/2